000 00310nam a22001337a 4500
008 170925b xxu||||| |||| 00| 0 eng d
020 _a9780671708634
041 _aeng
080 _a37
100 _a46
101 _aEDU
245 _aTHE HABITS HIGHLY EFFECTIVE PEOPLE
_cCOVEY,S,R
942 _2udc
_cBK
999 _c29597
_d29597